A "szegedi veszedelem" és a szentszéki diplomácia [absztrakt] /

Elmentve itt :
Bibliográfiai részletek
Szerző: Kanász Viktor
Testületi szerző: Sajtó és nyilvánosság a Délvidéken
Dokumentumtípus: Könyv része
Megjelent: Juhász Gyula Felsőoktatási Kiadó Szeged 2023
Sorozat:Fejezetek a Délvidék múltjából 8
Kulcsszavak:Szeged története - 1552 - előadáskivonat
Tárgyszavak:
Online Access:http://acta.bibl.u-szeged.hu/83545
LEADER 00903naa a2200217 i 4500
001 acta83545
005 20240201144555.0
008 240201s2023 hu o 100 hun d
020 |a 978-963-648-023-3 
040 |a SZTE Egyetemi Kiadványok Repozitórium  |b hun 
041 |a hun 
100 1 |a Kanász Viktor 
245 1 2 |a A "szegedi veszedelem" és a szentszéki diplomácia   |h [elektronikus dokumentum] :  |b [absztrakt] /  |c  Kanász Viktor 
260 |a Juhász Gyula Felsőoktatási Kiadó  |b Szeged  |c 2023 
300 |a 24 
490 0 |a Fejezetek a Délvidék múltjából  |v 8 
650 4 |a Bölcsészettudományok 
650 4 |a Történettudomány és régészet 
695 |a Szeged története - 1552 - előadáskivonat 
711 |a Sajtó és nyilvánosság a Délvidéken  |c Szeged  |d 2023. november 23. 
856 4 0 |u http://acta.bibl.u-szeged.hu/83545/1/fejezetek_a_delvidek_multjabol_008_024.pdf  |z Dokumentum-elérés